Bratislava, zdá sa, bude prvá medzi poslednými

Pojem vedecko-technologický park, stručná história. Perspektívy vedecko-technologického parku na Slovensku. Vedecko-technologický park nie je založený na princípe charitatívnych subvencií. Zámery zakladania vedecko-technologického parku. Založenie vedecko-technologického parku v Bratislave, potreba...

Descrizione completa

Salvato in:
Dettagli Bibliografici
Autore principale: Kraus, Tomáš
Natura: Capitolo di libro
Lingua:slovacco
Soggetti:
Tags: Aggiungi Tag
Nessun Tag, puoi essere il primo ad aggiungerne!!

MARC

LEADER 00000naa a2200000 4500
001 r032701
005 20230921084031.8
041 0 |a slo 
044 |a SK 
245 1 0 |a Bratislava, zdá sa, bude prvá medzi poslednými  |c Tomáš Kraus 
520 |a Pojem vedecko-technologický park, stručná história. Perspektívy vedecko-technologického parku na Slovensku. Vedecko-technologický park nie je založený na princípe charitatívnych subvencií. Zámery zakladania vedecko-technologického parku. Založenie vedecko-technologického parku v Bratislave, potreba investícií. 
610 2 0 |a parky vedeckotechnické 
610 2 0 |a história 
610 2 0 |a financovanie 
610 2 0 |a Slovensko 
610 2 0 |a Bratislava 
100 1 |a Kraus, Tomáš